कफ़न का बाज़ार / (Record no. 11490)
[ view plain ]
| 000 -LEADER | |
|---|---|
| fixed length control field | 01094 a2200217 4500 |
| 005 - DATE AND TIME OF LATEST TRANSACTION | |
| control field | 20080825123834.0 |
| 008 - FIXED-LENGTH DATA ELEMENTS--GENERAL INFORMATION | |
| fixed length control field | 080825t xxu||||| |||| 00| 0 hin d |
| 010 ## - LIBRARY OF CONGRESS CONTROL NUMBER | |
| LC control number | HIN-83004 |
| 020 ## - INTERNATIONAL STANDARD BOOK NUMBER | |
| Terms of availability | 150.00 |
| International Standard Book Number | 818956210x |
| 035 ## - SYSTEM CONTROL NUMBER | |
| System control number | HN-55350 |
| 037 ## - SOURCE OF ACQUISITION | |
| Source of stock number/acquisition | पु.प्र.अ.प्र/प्रका |
| 082 ## - DEWEY DECIMAL CLASSIFICATION NUMBER | |
| Classification number | 821 |
| 100 ## - MAIN ENTRY--PERSONAL NAME | |
| Personal name | शर्मा, मुकेश |
| 245 ## - TITLE STATEMENT | |
| Title | कफ़न का बाज़ार / |
| Statement of responsibility, etc | मुकेश शर्मा |
| 246 ## - VARYING FORM OF TITLE | |
| Title proper/short title | Kafan ka Bazar |
| Remainder of title | by Mukesh Sharma |
| 260 ## - PUBLICATION, DISTRIBUTION, ETC. (IMPRINT) | |
| Place of publication, distribution, etc | नई दिल्ली |
| Name of publisher, distributor, etc | राष्ट्रीय हिन्दी साहित्य परिषद |
| Date of publication, distribution, etc | 2007 |
| 270 ## - ADDRESS | |
| Address | 33/1, भुलभुल्लैयाँ रोड, महरौली |
| City | नई दिल्ली |
| Postal code | 110030 |
| Telephone number | 26643982 |
| 300 ## - PHYSICAL DESCRIPTION | |
| Extent | 111पृ |
| Dimensions | 22सेमी (सजिल्द) |
| 942 ## - ADDED ENTRY ELEMENTS (KOHA) | |
| Institution code [OBSOLETE] | dpl |
| Koha item type | Hindi Books |
| Call number prefix | 821 / शर्मामु |
| Source of classification or shelving scheme | Dewey Decimal Classification |
| Classification part | 821 |
| Call number suffix | शर्मामु |
| Withdrawn status | Lost status | Damaged status | Not for loan | Home library | Current library | Date acquired | Cost, normal purchase price | Total Checkouts | Full call number | Barcode | Date last seen | Copy number | Uniform Resource Identifier | Cost, replacement price | Price effective from | Koha item type |
|---|---|---|---|---|---|---|---|---|---|---|---|---|---|---|---|---|
| D.B.Act.Division | D.B.Act.Division | 150.00 | 821 शर्मामु | HN-55350 | 15/09/2008 | 1 | 12602 | 150.00 | 15/09/2008 | Hindi Books |
